000 00704nam a2200205Ii 4500
003 JO-AjNU
008 230605s9999||||xx |||||||||||||| ||und||
040 _aJO-AjNU
_bara
_erda
_cJO-AjNU
041 _aara
050 1 4 _aPJ7692.F8.M85 2003
100 3 _aتأليف موم،سومرست ؛ ترجمة الدار ؛ مراجعة محمد إنصاف طرابلسي,
_eauthor
_921062
245 0 0 _aذات الشعر الذهبي
250 _aط1
264 3 1 _aدمشق:دار أسامة،2003
300 _a159ص
336 _atext
_btxt
_2rdacontent
337 _aunmediated
_bn
_2rdamedia
338 _avolume
_bnc
_2rdacarrier
650 4 _aقصص مترجمة - ذات الشعر الذهبي
_921063
999 _aA7254
_c10822
_d10822